000 00349nam a22001577a 4500
020 _a0-07-463599-9
041 _aENG
100 _aBeer.F.P
245 _aVector Mechanics for Engineers ( Staics )
250 _a3rd
260 _aNew Delhi
_bTata McGrow-Hill Publishing
_c2000
300 _a601
650 _aFS
700 _aRussell.E
856 _uFS
999 _c363
_d363